000 00407nam a22001577a 4500
003 MPLRDC
005 20220104143841.0
008 210129b ||||| |||| 00| 0 eng d
082 _a738.62 HCS
100 _a黄存森
245 _a华人甲必丹
_c张清江 译
260 _a
_b新嘉坡国家语文局
_c1965
300 _b
650 _a东南亚--马来西亚断代史
942 _cBK
_o738.62 HCS
999 _c43964
_d43954